00921nam a2200217 4500001000700000003000900007005001700016007000300033008004100036100003800077245013900115260006600254300002200320500010100342655002200443710004300465852004600508942000800554999001900562952012200581143690ES-MaACL20251220172720.0t|070214s1956 sp r ||||1| spa d1 aSetién, José María.910589710aDiscurso inaugural pronunciado en la solemne apertura del curso académico 1956-57 / cpor el Dr. D. José María Setién Alberro. aVitoria : b[s. n.], c1956 (fImp. del Montepío Diocesano) a144 p. ; c21 cm. aPrecede al tít.: Seminario Diocesano de Vitoria, Institutos Seculares para el Clero Diocesano. 49226841aDiscursos20aSeminario Diocesano de Vitoria9209764 aES-MaACLbR.410039148878 cSPALjC-12406 2udc c143690d143690 00102udc4070aATENEOMbATENEOMcSPALd2008-01-17l0oC-12406p1149496r2023-02-23 00:00:00w2023-02-23yMONOGRAFIA